| Tag |
First Indicator |
Second Indicator |
Subfields |
| LEADER |
00000cam a2200000Ki 4500 |
| 001 |
in00003506821 |
| 006 |
m o d |
| 007 |
cr bn||||||abp |
| 007 |
cr bn||||||ada |
| 008 |
101108s1980 nyua ob 101 0 eng d |
| 005 |
20260421175434.6 |
| 019 |
|
|
|a 656174855
|
| 020 |
|
|
|a 9781468472547 (electronic bk.)
|
| 020 |
|
|
|a 1468472542 (electronic bk.)
|
| 020 |
|
|
|z 0306403277
|
| 020 |
|
|
|z 9780306403279
|
| 020 |
|
|
|z 9781468472561
|
| 024 |
7 |
|
|a 10.1007/978-1-4684-7254-7
|2 doi
|
| 035 |
|
|
|a (OCoLC)679522839
|z (OCoLC)656174855
|
| 040 |
|
|
|a OCLCE
|b eng
|e pn
|c OCLCE
|d OCLCQ
|d GW5XE
|d OCLCQ
|d OCLCF
|d UtOrBLW
|
| 042 |
|
|
|a dlr
|
| 049 |
|
|
|a TXAM
|
| 050 |
|
4 |
|a QP469
|b .I57 1979eb
|
| 082 |
0 |
4 |
|a 599/.01/88
|
| 111 |
2 |
|
|a International Interdisciplinary Symposium on Animal Sonar Systems
|n (2nd :
|d 1979 :
|c Jersey)
|
| 245 |
1 |
0 |
|a Animal sonar systems /
|c edited by René-Guy Busnel and James F. Fish.
|
| 264 |
|
1 |
|a New York :
|b Plenum Press,
|c [1980]
|
| 264 |
|
4 |
|c ©1980
|
| 300 |
|
|
|a 1 online resource (xxiv, 1135 pages) :
|b illustrations.
|
| 336 |
|
|
|a text
|b txt
|2 rdacontent
|
| 337 |
|
|
|a computer
|b c
|2 rdamedia
|
| 338 |
|
|
|a online resource
|b cr
|2 rdacarrier
|
| 490 |
1 |
|
|a NATO advanced study institutes series. Series A, Life sciences ;
|v v. 28
|
| 500 |
|
|
|a Symposium sponsored by the North Atlantic Treaty Organization and others.
|
| 504 |
|
|
|a Includes bibliographical references (pages [1007]-1073) and indexes.
|
| 538 |
|
|
|a Master and use copy. Digital master created according to Benchmark for Faithful Digital Reproductions of Monographs and Serials, Version 1. Digital Library Federation, December 2002.
|u http://purl.oclc.org/DLF/benchrepro0212
|5 MiAaHDL
|
| 583 |
1 |
|
|a digitized
|c 2010
|h HathiTrust Digital Library
|l committed to preserve
|2 pda
|5 MiAaHDL
|
| 588 |
|
|
|a Description based on print version record.
|
| 500 |
|
|
|a Electronic resource.
|
| 650 |
|
0 |
|a Echolocation (Physiology)
|v Congresses.
|
| 650 |
|
6 |
|a Echolocation (Physiologie)
|x Congrès.
|
| 650 |
0 |
7 |
|a Sonar.
|2 swd
|
| 650 |
0 |
7 |
|a Tiere.
|2 swd
|
| 650 |
|
7 |
|a Echolocation (Physiology)
|2 fast
|0 (OCoLC)fst00901399
|
| 655 |
|
7 |
|a Electronic books.
|2 local
|
| 655 |
|
7 |
|a Conference proceedings.
|2 fast
|0 (OCoLC)fst01423772
|
| 700 |
1 |
|
|a Busnel, René Guy.
|
| 700 |
1 |
|
|a Fish, James F.
|
| 710 |
2 |
|
|a SpringerLink (Online service)
|
| 710 |
2 |
|
|a North Atlantic Treaty Organization.
|
| 776 |
1 |
8 |
|i Print version:
|a International Interdisciplinary Symposium on Animal Sonar Systems (2nd : 1979 : Jersey).
|t Animal sonar systems.
|d New York : Plenum Press, ©1980
|w (DLC) 79023074
|w (OCoLC)5564956
|
| 830 |
|
0 |
|a NATO advanced study institutes series.
|n Series A,
|p Life sciences ;
|v v. 28.
|
| 856 |
4 |
0 |
|u http://proxy.library.tamu.edu/login?url=https://link.springer.com/10.1007/978-1-4684-7254-7
|z Connect to the full text of this electronic book
|t 0
|
| 994 |
|
|
|a 92
|b TXA
|
| 999 |
|
|
|a MARS
|
| 999 |
f |
f |
|s f79c5eff-fade-3ffb-9057-518f0996f083
|i 72a8ddb2-c0de-3bdd-8840-f5259c678b7b
|t 0
|
| 952 |
f |
f |
|a Texas A&M University
|b College Station
|c Electronic Resources
|s www_evans
|d Available Online
|t 0
|e QP469 .I57 1979eb
|h Library of Congress classification
|
| 998 |
f |
f |
|a QP469 .I57 1979eb
|t 0
|l Available Online
|